000 00858nam a2200253 i 4500
003 MX-MxUPN
005 20260604151142.0
008 260519s1994 mx||||||r|||| 000 0 spa d
020 _a9688352454
040 _aMX-MxUPN
_bspa
_cMX-MxUPN
041 0 _aspa
050 1 4 _aLB85 P7
_bS63 1994
100 1 _aSobrino, Miguel Ángel
_959861
245 1 0 _aPlatón y Aristóteles, educadores :
_banálisis comparativo de sus teorías educativas
250 _a1a. edición.
260 _aMéxico :
_bUniversidad Autónoma del Estado de México,
_c1994.
300 _a107 páginas
490 0 _aColección Lecturas críticas ;
_v16
600 0 0 _aPlatón,
_d428?-347 a.C.
_929414
600 0 2 _aAristóteles,
_d384-322 a.C.
_928539
650 4 _aEducación antigua
_xFilosofía
_959860
902 _aMarielOrtiz/190526
_bVíctor Ruiz/040626
942 _2lcc
_cLIBRO
_n0
999 _c215112
_d215112